The jealous white horse (Record no. 88703)

MARC details
000 -LEADER
fixed length control field 00713nam a2200253 i 4500
001 - CONTROL NUMBER
control field C2-0282451
003 - CONTROL NUMBER IDENTIFIER
control field PPAK
005 - DATE AND TIME OF LATEST TRANSACTION
control field 20180728012814.0
008 - FIXED-LENGTH DATA ELEMENTS--GENERAL INFORMATION
fixed length control field 071008s my a|||| ||||| | eng d
020 ## - INTERNATIONAL STANDARD BOOK NUMBER
International Standard Book Number 9830847632
040 ## - CATALOGING SOURCE
Original cataloging agency PPAK
Language of cataloging eng
Transcribing agency PPAK
Description conventions rda
082 04 - DEWEY DECIMAL CLASSIFICATION NUMBER
Classification number 428.6
Edition number 23
090 00 - LOCALLY ASSIGNED LC-TYPE CALL NUMBER (OCLC); LOCAL CALL NUMBER (RLIN)
Classification number (OCLC) (R) ; Classification number, CALL (RLIN) (NR) 428.6
Feature heading JEA
Feature heading K
245 04 - TITLE STATEMENT
Title The jealous white horse
264 #1 - PRODUCTION, PUBLICATION, DISTRIBUTION, MANUFACTURE, AND COPYRIGHT NOTICE
Place of production, publication, distribution, manufacture Batu Caves, Selangor :
Name of producer, publisher, distributor, manufacturer Kiddibird ,
Date of production, publication, distribution, manufacture, or copyright notice [date of publication not identified]
300 ## - PHYSICAL DESCRIPTION
Extent 23 pages :
Other physical details colour illustrations ;
Dimensions 25 cm
336 ## - CONTENT TYPE
Source rdacontent
Content type term text
337 ## - MEDIA TYPE
Source rdamedia
Media type term unmediated
338 ## - CARRIER TYPE
Source rdacarrier
Carrier type term volume
490 1# - SERIES STATEMENT
Series statement Good-hearted series
650 10 - SUBJECT ADDED ENTRY--TOPICAL TERM
Topical term or geographic name entry element Readers.
830 #0 - SERIES ADDED ENTRY--UNIFORM TITLE
Uniform title Good-hearted series
942 ## - ADDED ENTRY ELEMENTS (KOHA)
-- dc
Koha item type Book
Holdings
Withdrawn Not for loan Current library Shelving location Date acquired Total Checkouts Full call number Barcode Date last seen Date last checked out Koha item type
    Perpustakaan Alor Setar Pinjaman Kanak-kanak 08/10/2007 1 K 428.6 JEA A01202942 05/08/2025 15/07/2025 Book
    Perpustakaan Awam Sungai Petani Pinjaman Kanak-kanak 08/10/2007 4 K 428.6 JEA A01202943 01/07/2025 10/06/2025 Book
    Perpustakaan Baling Pinjaman Kanak-kanak 08/10/2007   K 428.6 JEA A01202949 09/05/2018   Book
    Perpustakaan Bandar Baharu Pinjaman Kanak-kanak 08/10/2007   K 428.6 JEA A01202950 09/05/2018   Booklet
    Perpustakaan Jitra Pinjaman Kanak-kanak 08/10/2007   K 428.6 JEA A01202944 09/05/2018   Book
    Perpustakaan Kuala Nerang Pinjaman Kanak-kanak 08/10/2007   K 428.6 JEA A01202951 09/05/2018   Book
    Perpustakaan Kulim Pinjaman Kanak-kanak 08/10/2007   K 428.6 JEA A01202946 09/05/2018   Book
    Perpustakaan Langkawi Pinjaman Kanak-kanak 08/10/2007   K 428.6 JEA A01202945 09/05/2018   Book
    Perpustakaan Sik Pinjaman Kanak-kanak 08/10/2007   K 428.6 JEA A01202948 09/05/2018   Book
    Perpustakaan Sik Pinjaman Kanak-kanak 08/10/2007   K 428.6 JEA A01202952 09/05/2018   Book
    Perpustakaan Yan Pinjaman Kanak-kanak 08/10/2007 2 K 428.6 JEA A01202947 29/05/2025 22/05/2025 Book
    Bergerak 1, Alor Setar Pinjaman Kanak-kanak 03/12/2007   K 428.6 JEA A01210849 09/05/2018   Book
    Bergerak 3, Baling Pinjaman Kanak-kanak 03/12/2007   K 428.6 JEA A01210851 09/05/2018   Book
    Bergerak 5, Kulim Pinjaman Kanak-kanak 03/12/2007   K 428.6 JEA A01210853 09/05/2018   Book